000 00779nam a2200241Ia 4500
003 OSt
005 20220925201136.0
006 a|||||r|||| 00| 0
007 ta
008 220923b |||||||| |||| 00| 0 eng d
037 _cGeneral Book
040 _aRTL
_cRTL
_beng
041 _2eng
_aeng
082 _aY31:7:7p2,N53, J8/GD
110 _aIndia, Planning Commission Community Project Administration
_9259664
245 0 _aSummary record of second development commissioner
260 _aDelhi
_bM O P India
_c1958
300 _a159p.
_ccm.
650 _aCommnunity Development
_9233250
700 _aIndia, Planning Commission Community Project Administration
_9259665
942 _hY31:7:7p2,N53, J8/GD
_cGB
_2CC
999 _c539119
_d539119